000 00908nam a2200337 a 4500
003 AR-BaBNM
005 20251128204747.0
008 082120s2002 ||||||||||||||000 | spa||
020 _a84-470-0316-7
040 _cAR-BaBNM
100 1 _aGonzález García, Luis
245 0 0 _aEjercicios de microeconomía
_bmercados competitivos
250 _a1ª ed.
260 _aMadrid
_bCivitas
_c1994
300 _a306 p.
_bdiagr.
490 0 _aEconomía. Textos auxiliares
_vv. 6
500 _aContiene ejercicios al finalizar cada capítulo
650 4 _aECONOMIA
650 4 _aMERCADOS
650 4 _aECONOMIA DE MERCADO
650 4 _aOFERTA Y DEMANDA
650 4 _aMICROECONOMIA
650 4 _aCONSUMO
650 4 _aCOSTOS
650 4 _aCOMPETENCIA ECONOMICA
650 4 _aPRODUCCION
650 4 _aTRABAJO
800 1 _aGarcía Delgado, José Luis
_edirector
942 _cBK
998 _cGLORIA
999 _c8712
_d8712